书目信息 |
| 题名: |
超强吸水剂
|
|
| 作者: | 邹新喜 编著 | |
| 分册: | ||
| 出版信息: | 北京 化学工业出版社 1991.09 |
|
| 页数: | 400页 | |
| 开本: | 32开 | |
| 丛书名: | ||
| 单 册: | ||
| 中图分类: | TQ047.1 | |
| 科图分类: | ||
| 主题词: | 化学工业--原料 , 化学工业--辅助材料 | |
| 电子资源: | ||
| ISBN: | 7-5025-0891-0 | |
| 000 | 00578nam0 2200205 45 | |
| 001 | 0010031805 | |
| 005 | 20010322084721.7 | |
| 010 | @a7-5025-0891-0@d20.00元 | |
| 100 | @a20001003d1991 km y0chiy0120 ea | |
| 101 | 0 | @achi |
| 105 | @a z 000yy | |
| 200 | 1 | @a超强吸水剂@AChao Qiang Xi Shui Ji@f邹新喜编著@FZouXin Xi Bian Zhu |
| 210 | @a北京@c化学工业出版社@d1991.09 | |
| 215 | @a400页@d32开 | |
| 606 | 0 | @a化学工业@x原料 |
| 606 | 0 | @a化学工业@x辅助材料 |
| 690 | @aTQ047.1@v3 | |
| 701 | 0 | @a邹新喜@4编著 |
| 801 | @aCN@bPftUser@c20001003 | |
| 905 | @dTQ047.1@eZH902@b331053@f1 | |
| 超强吸水剂/邹新喜编著.-北京:化学工业出版社,1991.09 |
| 400页;32开 |
| ISBN 7-5025-0891-0:20.00元 |
| ● |
| 相关链接 |
|
|
|
正题名:超强吸水剂
索取号:TQ047.1/ZH902
 
预约/预借
| 序号 | 登录号 | 条形码 | 馆藏地/架位号 | 状态 | 备注 |
| 1 | 331053 | 203310531 | 自科库501/501自科库 138排2列6层/ [索取号:TQ047.1/ZH902] | 在馆 |